000 00568cam a22002291 4500
001 ne 66001476
003 DLC
005 20260227111825.0
008 890420s1966 xx 000 0 ara
010 _ane 66001476
035 _a(OCoLC)23486366
040 _aDLC
_cMiU
_dDLC
042 _apremarc
043 _aa-iq---
050 0 0 _aHC497.I7
_bH24
100 1 _aḤasan, Muḥammad Salmān.
245 1 0 _aDirāsāt al-iqtiṣād al-Irāqī.
260 _c[1966]
300 _a494 p.
_c24 cm.
500 _aRomanized.
651 0 _aIraq
_xEconomic conditions.
999 _c49070
_d49070